000 00593nam a22001932 4500
001 0000001696
005 20151217155813.0
008 070322s xx 000 0 eng d
040 _aKABU
_cKABU
050 0 _aHC865
_b.G74 1961
110 2 _aGreat Britain.
_bColonial Office.
_@0000150656
245 1 0 _aReport on the Colony and Protectorate of Kenya for the year 1961-.
260 _aLondon :
_bH.M.S.O.,
_c1962.
300 _a210 p.
651 0 _aKenya
_xEconomic conditions.
_@0000148722
908 _a070322
950 _@1
999 _c12631
_d12631